000 00492nam a2200097Ia 4500
008 180130s9999 xx 000 0 und d
245 _cCohen, Robin; Zhang, Jie; Finnson, John; Tran, Thomas; Minhas, Umar F.
_aA trust-based framework for vehicular travel with some non-binary reports and its validation via an extensive simulation testbed
260 _c2016
300 _aBook title: Trust management and information security--Acession number C20744; pages 32-62
650 _aINFORMATION SECURITY
999 _c354195
_d354195